000 01143cam a22003374a 4500
001 4031968
003 OSt
005 20140310184307.0
008 980127s1999 nyua b 000 0 eng
010 _a 98005380
020 _a0439176727
040 _aDLC
_cDLC
_dDLC
042 _apcc
_alcac
050 0 0 _aTA 807
_b.H86 2000
100 1 _aHunter, Ryan Ann.
_923143
245 1 0 _aDig a tunnel /
_cRyan Ann Hunter ; illustrated by Edward Miller.
250 _a1st ed.
260 _aNew York :
_bHoliday House,
_c2000.
300 _bcol. ill. ;
_c21 cm.
521 _aG4
526 _c610
650 0 _aTunneling
_xJuvenile literature.
_923144
650 0 _aTunnels
_xJuvenile literature.
_923145
650 1 _aTunnels.
_923146
700 1 _aMiller, Edward,
_d1964-
_eill.
_923147
906 _a0
_bvip
_corignew
_d1
_eocip
_f19
_gy-gencatlg
942 _2lcc
_cBK-SCHOLAS
999 _c33494
_d33494